000 01431nam0a2200349 4500
001 RU\NLR\bibl\117820
005 20260405123306.0
010 _a5-16-000133-6
_93000
021 _aRU
_b2000-27096
_91277
035 _a(NLR Aleph) 000115392
090 _a655669
_c655669
100 _a20001115d2000 |||y0rusy50 ca
101 0 _arus
102 _aRU
105 _aa |||||||||
200 1 _aАвтоматизация управления предприятием
_f[Баронов В.В., Калянов Г.Н., д.т.н., Попов Ю.И., к.э.н. и др.]
210 _aМ.
_cИНФРА-М
_d2000
215 _a237,[1] с.
_cил.
_d22
225 1 _aСекреты менеджмента
320 _aБиблиогр. в конце кн. (126 назв.)
606 0 _aПредприятия
_xУправление
_92085264
_3RU\NLR\auth\661261378
686 _aУ29(2)-21
701 1 _aБаронов
_bВ. В.
_gВладимир Владимирович
_4070
701 1 _aКалянов
_bГ. Н.
_gГеоргий Николаевич
_4070
701 1 _4070
_8rus
_7ca
_aПопов
_bЮ. И.
_cканд. экон. наук, управление проектами
_gЮрий Иванович
_3RU\NLR\auth\7748986
_931921
801 0 _aRU
_bNLR
_c20001115
_gPSBO
801 1 _aRU
_bNLR
_c20001115
830 _aАвт. по кн.
852 _aNLR
_j2000-5/3756
942 _cBOOK
980 _aNB